Doctor Who: Eighth Doctor Companions (Big Finish Inclusive) - Statistics

General Stats
  • This quiz has been taken 13 times
  • The average score is 16 of 32
Answer Stats
First Appearance Last Appearance Companion % Correct
Storm Warning The Girl Who Never Was Charlotte Pollard
100%
The TV Movie The TV Movie Grace Holloway
92%
Dark Eyes 2.1 "The Traitor" N/A Liv Chenka
92%
Blood of the Daleks To the Death Lucie Miller
92%
Dark Eyes 1.1 "The Great War" Dark Eyes 4.4 "Eye of Darkness" Molly O'Sullivan
92%
The Creed of the Kromon Absolution C'rizz
83%
Doom Coalition 1.2 "The Red Lady" N/A Helen Sinclair
83%
An Earthly Child Time War 5.3 "Previously, Next Time" Alex Campbell
75%
The Eighth Doctor Adventures: Audacity 1.1 "The Devouring" N/A Audacity Montague
75%
Time War 1.1 "The Starship of Theseus" Time War 4.3 "Restoration of the Daleks" Bliss
75%
Time War 5.1 "Meanwhile, Elsewhere" The Night of the Doctor Cass Fermazzi
75%
An Earthly Child Susan's War 1.4 "The Shoreditch Intervention" Susan Campbell
75%
Situation Vacant To the Death Tamsin Drew
75%
The TV Movie The TV Movie Chang Lee
58%
The Company of Friends Army of Death Mary Shelley
50%
Sheridan Smith
50%
Carole Ann Ford
42%
Daphne Ashbrook
42%
India Fisher
42%
Sonny McGann
42%
Yee Jee Tso
42%
Jake McGann
25%
Rakhee Thakrar
25%
Conrad Westmaas
17%
Julie Cox
17%
Nicola Walker
17%
Emma Campbell-Jones
8%
Hattie Morahan
8%
Jaye Griffiths
8%
Niky Wardley
8%
Ruth Bradley
8%
Sorcha Cusack
0%
No matching quizzes found
Score Distribution
Percent of People with Each Score
Percentile by Number Answered
Your Score History
You have not taken this quiz